| 000 | 00000nam 2200000za 4500 |
| 001 | 9.841515 |
| 003 | CaOODSP |
| 005 | 20221107152115 |
| 007 | cr ||||||||||| |
| 008 | 170811s1977 oncd #o f000 0 eng d |
| 040 | |aCaOODSP|beng |
| 043 | |an-cn--- |
| 086 | 1 |aR5-365/1977E-PDF |
| 100 | 1 |aSiggner, Andrew J. |
| 245 | 10|aPopulation projections for the registered Indian population 1973 to 1990 |h[electronic resource] / |cby Andrew J. Siggner with the assistance of Chantal Locatelli. |
| 260 | |aOttawa : |bDept. of Indian Affairs and Northern Development, |c1977. |
| 300 | |ai, 34 p. : |bgraphs |
| 500 | |aTitle from cover. |
| 500 | |aDigitized edition from print [produced by Indigenous and Northern Affairs Canada]. |
| 520 | |a"It is absolutely essential for senior policy makers and program managers to have a clear understanding of the future size, growth, age and sex structure and geographic distribution of the population in order to anticipate and plan for short and long-term issues which will face their client population. The demographic structure of a population sets "the stage" or the broad parameters within which a range of actions will likely occur."--Introduction. |
| 692 | 07|2gccst|aStatus Indians |
| 692 | 07|2gccst|aPopulation distribution |
| 692 | 07|2gccst|aAboriginal affairs |
| 700 | 1 |aLocatelli, Chantal. |
| 710 | 1 |aCanada. |bIndian and Northern Affairs Canada. |
| 856 | 40|qPDF|s9.33 MB|uhttps://publications.gc.ca/collections/collection_2017/aanc-inac/R5-365-1977-eng.pdf |